Statistics for NBA Team Assists Per Game Leaders

Click here to take the quiz!

General Stats

  • This quiz has been taken 18 times
  • The average score is 18 of 30

Answer Stats

Team Season Assists Player % Correct
Utah Jazz1989-9014.54John Stockton
100%
Oklahoma City Thunder2018-1910.74Russell Westbrook
100%
Los Angeles Lakers1983-8413.06Magic Johnson
100%
Phoenix Suns1988-8912.23Kevin Johnson
100%
Houston Rockets2016-1711.20James Harden
100%
Detroit Pistons1984-8513.86Isiah Thomas
100%
Boston Celtics2011-1211.70Rajon Rondo
94%
New Jersey Nets2001-029.85Jason Kidd
89%
New York Knicks1987-8810.59Mark Jackson
83%
Washington Wizards2016-1710.65John Wall
83%
New Orleans Hornets2007-0811.56Chris Paul
83%
Portland Trail Blazers1987-8810.13Terry Porter
72%
Philadelphia 76ers1985-869.18Maurice Cheeks
56%
Charlotte Hornets1989-9010.70Muggsy Bogues
50%
Minnesota Timberwolves2016-179.09Ricky Rubio
50%
Orlando Magic1992-939.42Scott Skiles
39%
Toronto Raptors1995-969.33Damon Stoudamire
33%
Milwaukee Bucks1999-009.00Sam Cassell
33%
Cleveland Cavaliers2001-0210.89Andre Miller
28%
Memphis Grizzlies2000-018.35Mike Bibby
28%
Chicago Bulls1966-6711.21Guy Rodgers
22%
Denver Nuggets1990-9110.50Michael Adams
22%
Atlanta Hawks1986-8710.04Doc Rivers
22%
San Diego Clippers1983-8411.15Norm Nixon
17%
Miami Heat1990-918.55Sherman Douglas
17%
San Antonio Spurs1983-8410.68John Lucas
11%

Score Distribution

Percentile by Number Answered

Percent of People with Each Score

Your Score History

You have not taken this quiz